Read now or be at risk (Record no. 83248)
[ view plain ]
| 000 -LEADER | |
|---|---|
| fixed length control field | 00963cab a22002055a 4500 |
| 001 - CONTROL NUMBER | |
| control field | L153273 |
| 008 - FIXED-LENGTH DATA ELEMENTS--GENERAL INFORMATION | |
| fixed length control field | 110704e20110702xxk 000 0 eng d |
| 035 ## - SYSTEM CONTROL NUMBER | |
| System control number | (Sirsi) u153273 |
| 041 0# - LANGUAGE CODE | |
| Language code of text/sound track or separate title | eng |
| 100 1# - MAIN ENTRY--PERSONAL NAME | |
| Personal name | Mackmin, David |
| 245 00 - TITLE STATEMENT | |
| Title | Read now or be at risk |
| 260 ## - PUBLICATION, DISTRIBUTION, ETC. | |
| Date of publication, distribution, etc. | 2011 |
| 490 ## - SERIES STATEMENT | |
| Series statement | Estates Gazette |
| Volume/sequential designation | (1126) 2 July 2011, 80-81(2) |
| 520 ## - SUMMARY, ETC. | |
| Summary, etc. | Discusses the use of GN7 Discounted cash flow for commercial property investment published in "Valuation Standards Global and UK" (Red Book) 7th ed 2011 (L152777) sets out discounted cash flow (DCF) as a method of valuation for commerial property investments. Explains the importance of DCF methodology in the current commercial property investments. (See also "Income approach to property valuation" 6th ed L152661) |
| 590 ## - LOCAL NOTE (RLIN) | |
| Local note | KA |
| 650 24 - SUBJECT ADDED ENTRY--TOPICAL TERM | |
| Topical term or geographic name entry element | INCOME APPROACH TO PROPERTY VALUATION |
| 651 #4 - SUBJECT ADDED ENTRY--GEOGRAPHIC NAME | |
| Geographic name | England |
| Chronological subdivision | 886- |
| 690 ## - LOCAL SUBJECT ADDED ENTRY--TOPICAL TERM (OCLC, RLIN) | |
| Topical term or geographic name as entry element | ENVIRONMENT AND LAND CONSULTANCY-PLANNING AND DEVELOPMENT |
| 942 ## - ADDED ENTRY ELEMENTS (KOHA) | |
| Suppress in OPAC | 0 |
| Withdrawn status | Lost status | Source of classification or shelving scheme | Damaged status | Not for loan | Home library | Current library | Shelving location | Date acquired | Total Checkouts | Full call number | Barcode | Date last seen | Copy number | Price effective from | Koha item type |
|---|---|---|---|---|---|---|---|---|---|---|---|---|---|---|---|
| Dewey Decimal Classification | London | London | Journal article | 04/07/2011 | ONLINE PUBLICATION | 153273-1001 | 06/08/2019 | 1 | 06/08/2019 | Journal article |